000 00659nas a2200229 4500
001 BR7305456
003 BR-BrBNA
005 20231205082530.0
007 ta
008 230509b bl.|||p| |||| 00| 00por d
040 _aBR-BrBNA
_bpor
_cBiblioteca Nacional de Agricultura
041 _a(Pt)
072 _aL30
100 1 _aBarbosa, A.S.
245 1 _aPangola e braquiaria para producao de suinos
650 _aSUÍNO
650 _aCAPIM PANGOLA
650 _aCAPIM BRACHIARIA
773 0 _tRevista dos Criadores (Brazil)
_xISSN 0034-9259
_g(Jan 1976), v. 46(552) p. 57-58
_wBR7305456
909 _a202311
_bLúcia
_c55
_dLúcia Elande
942 _2AGRIS
_n0
_cANA
999 _c92586
_d92586